Quizzes
Events
Quiz Creation
Community
Videos
Private Events
Remove Ads
Sign In
Join for FREE
Feedback
Dark Mode
Quiz Categories
Sports
Geography
Music
Movies
Television
Just For Fun
Miscellaneous
History
Literature
Language
Science
Gaming
Entertainment
Religion
Holiday
For Kids
Quiz Lab
Recent
Popular Today
Quiz Kudos Today
Editor Picks
Curator Picks
Quizzes by...
Day
Popularity
Type
Ratings
Length
Year
Community
Subscriptions
Recent Discussions
Orange Saloon
Badges
Playlists
Quests
Create
Leaderboards
Showdown
Live 5
Trivia Bingo
Activity
Puzzle Library
Sporcle Events
Private Events
Virtual Trivia
Globe League
Become a Host
Pub Owners
SporcleCon
Opinionation
Our Games
Videos
Blog
Mobile Apps
Partnerships
Remove Ads and Go Orange
Feedback
Geography
Country
Landmarks
City
State
Population
World
Capital
Continent
Flags
Europe
Africa
Asia
South America
North America
Oceania
Border
Canada
United Kingdom
Topography
United States
Geography
Country
Landmarks
City
State
Population
World
Capital
Continent
Flags
Europe
Africa
Asia
South America
North America
Oceania
Border
Canada
United Kingdom
Topography
United States
Random Quiz
Search Sporcle
×
Quiz Lab
Quiz Lab
Geography
Anything
Type in answers that appear in a list
Type in answers that appear in a list
Classic
Best Score? Go Orange.
Anything but Florida Stats
Can you name the States (apart from Florida) that...?
By
MartinBrodyMcFly
3m
26 Questions
832 Plays
832 Plays
832 Plays
Comments
Comments
Give Quiz Kudos
Give Quiz Kudos
-
- Ratings
hide this ad
Replay
Link that replays current quiz
Next Quiz
Link to next quiz in quiz playlist
You Got
0%
They Got
Avg Score
81%
Avg Friend Score
Upgrade to see
Score Distribution
Jump to the score distribution portion of the page
Score
0/26
Timer
03:00
0
Plays Today
Hint
Answer
% Correct
Have 9 or more sports teams
California
98.8%
Have 9 or more sports teams
New York
98.4%
Have no Income tax
Texas
92.1%
Have a highest elevation that is lower than 1000 ft.
Mississippi
86.2%
Have the word 'God' in the State Motto
Ohio
85.7%
No candidate won 50% of the popular vote in the 2000 presidential election
Ohio
85.7%
Have a highest elevation that is lower than 1000 ft.
Louisiana
84.9%
Have a highest elevation that is lower than 1000 ft.
Delaware
84.5%
Have no Income tax
New Hampshire
83.1%
No candidate won 50% of the popular vote in the 2000 presidential election
New Hampshire
83.1%
Have a highest elevation that is lower than 1000 ft.
Rhode Island
81.7%
Have no Income tax
Washington
80.9%
No candidate won 50% of the popular vote in the 2000 presidential election
Oregon
80.2%
Hint
Answer
% Correct
No candidate won 50% of the popular vote in the 2000 presidential election
Iowa
79.4%
Have no Income tax
Nevada
79.2%
No candidate won 50% of the popular vote in the 2000 presidential election
Nevada
79.2%
Have no Income tax
Tennessee
78.8%
Have no Income tax
Alaska
78.5%
No candidate won 50% of the popular vote in the 2000 presidential election
Maine (split electoral votes)
78.1%
Have no Income tax
Wyoming
76.1%
Have no Income tax
South Dakota
75.2%
Have the word 'God' in the State Motto
South Dakota
75.2%
No candidate won 50% of the popular vote in the 2000 presidential election
New Mexico
75.2%
Have the word 'God' in the State Motto
Kentucky (in latin motto)
74.4%
No candidate won 50% of the popular vote in the 2000 presidential election
Wisconsin
71.9%
No candidate won 50% of the popular vote in the 2000 presidential election
Minnesota
70.9%
Quiz Playlist
Details
Report
Send in Message
Add To Playlist
Classic:
Type in answers that appear in a list
Last Updated: Feb 16, 2017
Quiz Scoreboard
CHALLENGE
Sign Up to Join the Scoreboard
Show All
Scores
Hide
Comments
May contain spoilers
Recently Published
College Basketball Coaching Resumes
by pancakes188
Sports
9m
Billboard Blitz: Fleetwood Mac
by CooCooCachoo
Music
15s
Presidents Visiting Landmarks
by Hejman
History
7m
More to Explore
Quiz From the Vault
Featured Blog Post
Where Did the Easter Bunny Come From?
hide this ad
You Might Also Like...
Tags
Anything
florida
Today's Top Quizzes in Geography
Browse Geography
hide this ad
Today's Top Quizzes in Anything
Browse Anything
Top Contributed Quizzes in Geography
1
Countries of the World - No Outlines Minefield
2
Top 25 Cities of France on a map
3
Any capital of a 'B' country per Continent
4
Any capital of a 'C' country per Continent
5
Closest Countries to UK A-Z
6
Any capital of a 'D' country per Continent
7
5-to-1: US Geography No Hints
8
Any capital of an 'E' country per Continent
9
Click the Alabama Counties! (Map)
10
One Thing in Common: United Kingdom
Explore More
Trending Topics
Marvel
Kpop
Anime
NBA
Crossword
Disney
Harry Potter
Soccer
Country
Song
The Office
NFL
Pokémon
WWE
Puzzle
hide this ad
More By:
MartinBrodyMcFly
Quiz
Plays
Rating
Category
Featured
Created
Most Populous US Cities 2050
4,154
3.95
Geography
Mar 17, 2015
World Population 2050 (updated)
2,435
4.65
Geography
Mar 9, 2015
Most Populous US States 2050
1,719
4.43
Geography
May 3, 2015
Anything but Florida
832
4.50
Geography
May 3, 2015
MLB Leaders in WAR Not in HOF
615
3.75
Sports
Mar 11, 2015
Go to Creator's Profile
Score Distribution
Quiz Creator Spotlight
MartinBrodyMcFly
Follow
Send a Message
Quizzes Created
-
Created Quiz Play Count
-
More By This Creator
Popular Quizzes Today
1
Find the US States - No Outlines Minefield
2
Find the Countries of Europe - No Outlines Minefield
3
The Countries of the World
4
Find the US States
5
Risky Map Clicking: Biggest States A-Z
6
US States
7
Popular People in 1961
8
Movies - When Are They Set?
More Geography Quizzes
Secret Country CXXXVI
Quiz Lab
Trending Quizzes
Risky Map Clicking: Least Populous States A-Z
1-10 Letter G Words
1-10 Letter F Words
Risky Map Clicking: Next State Alphabetically
Risky Map Clicking: Biggest States A-Z
Recently Updated
Leaping Animals
pecheneg
Reality TV Shows (A-Z)
bhenderson79
Rickey Henderson's Hall of Fame Teammates
pecheneg
Champions League XIs: Arsenal
pecheneg
Quick Pick: Celebrities in WWE's Hall of Fame
aduchscher
A-Z Keypad Blitz II
pecheneg
Multiple Oscar Actors
pecheneg
Mystery Phrase Blitz: Oscar 'Best Actors'
pecheneg
F. Scott Fitzgerald Novels
LTH
Pick 3 Villains
ddd62291
Trending Topics
NBA
Harry Potter
Anime
Kpop
Marvel
Disney
Crossword
Pokémon
WWE
Country
The Office
Song
Puzzle
NFL
Soccer
Your Account Isn't Verified!
In order to create a playlist on Sporcle, you need to verify the email address you used during registration. Go to your
Sporcle Settings
to finish the process.
Report this User
Report this user for behavior that violates our
Community Guidelines
.
Details:
Send Report
Go to the Sporcle.com Mobile Site →
Comments